[Event "Olimpiade 2014 - Open"]
[Site "Tromsø"]
[Date "10.08.2014"]
[Round "8.86"]
[Board "1"]
[White "Zambrana, Oswaldo"]
[Black "Dukaczewski, Piotr"]
[Result "0-1"]
[WhiteTitle "GM"]
[BlackTitle "IM"]
[WhiteElo "2472"]
[BlackElo "2288"]
[WhiteTeam "Bolivia"]
[BlackTeam "IBCA"]
[WhiteFideId "3300200"]
[BlackFideId "1103520"]
[EventDate "2014.08.02"]

1. e4 c5 2. Nf3 Nc6 3. d4 cxd4 4. Nxd4 e5 5. Nb5 a6 6. Nd6+ Bxd6 7. Qxd6 Qe7 8.
Qd1 Nf6 9. Nc3 d6 10. Bg5 Be6 11. Nd5 Bxd5 12. exd5 Nb8 13. Qf3 Nbd7 14. O-O-O
h6 15. Be3 O-O 16. g4 e4 17. Qg3 Ne5 18. g5 hxg5 19. Bxg5 Nf3 20. h4 Nxg5 21.
Qxg5 Qe5 22. Qxe5 dxe5 23. Bh3 g6 24. Rhg1 Kg7 25. Rg5 Rh8 26. Rxe5 Rxh4 27. Bf1
Rf4 28. Re7 Rxf2 29. d6 b5 30. a4 g5 31. d7 g4 32. c4 Kf8 33. Re5 Nxd7 34. Rxd7
Rxf1+ 35. Kd2 Re8 36. Rxe8+ Kxe8 37. Rd4 f5 38. cxb5 axb5 39. axb5 Rf2+ 40. Kc3
Rf3+ 41. Kb4 Rd3 42. Rc4 Rd7 43. Rc5 e3 44. b6 Re7 45. Re5 Rxe5 46. b7 Re4+ 47.
Ka3 Kf7 48. b8=Q e2 49. Qc7+ Kg6 50. Qd6+ Kh5 0-1

[Event "Olimpiade 2014 - Open"]
[Site "Tromsø"]
[Date "10.08.2014"]
[Round "8.86"]
[Board "2"]
[White "Meshkov, Yuri A."]
[Black "Gemy, Jose Daniel"]
[Result "0-1"]
[WhiteTitle "IM"]
[BlackTitle "IM"]
[WhiteElo "2357"]
[BlackElo "2332"]
[WhiteTeam "IBCA"]
[BlackTeam "Bolivia"]
[WhiteFideId "4107101"]
[BlackFideId "3301478"]
[EventDate "2014.08.02"]

1. c4 c6 2. Nf3 d5 3. b3 Bf5 4. Bb2 e6 5. g3 Nf6 6. Bg2 Nbd7 7. O-O Be7 8. d3 h6
9. Nbd2 O-O 10. a3 a5 11. Ra2 Bh7 12. Qa1 Rc8 13. Ne5 Nxe5 14. Bxe5 Ne8 15. Bh3
Bf6 16. b4 a4 17. Rc1 Bxe5 18. Qxe5 Qd6 19. Nf3 Rd8 20. Qa1 Nc7 21. cxd5 exd5
22. Nd4 f5 23. Rac2 Qf6 24. b5 Nxb5 25. Nxb5 cxb5 26. Rc5 d4 27. Rxb5 f4 28. Rf1
Qe7 29. Qb2 f3 30. Bg4 fxe2 31. Bxe2 Rde8 32. Bh5 Bxd3 33. Rxb7 Qe1 34. Qa2+ Kh8
35. Rb1 Bxb1 36. Qa1 Qc3 37. Qxb1 Re5 38. Bg6 Qxa3 39. Qb6 Qc5 40. Qa6 Rf6 41.
Qd3 Qc3 42. Qb1 Qb3 43. Qc1 Rxg6 0-1

[Event "Olimpiade 2014 - Open"]
[Site "Tromsø"]
[Date "10.08.2014"]
[Round "8.86"]
[Board "3"]
[White "Cueto, Jonny"]
[Black "Stachanczyk, Jacek"]
[Result "1-0"]
[WhiteTitle "IM"]
[BlackTitle "FM"]
[WhiteElo "2283"]
[BlackElo "2299"]
[WhiteTeam "Bolivia"]
[BlackTeam "IBCA"]
[WhiteFideId "3300145"]
[BlackFideId "1116657"]
[EventDate "2014.08.02"]

1. b4 e5 2. Bb2 Bxb4 3. Bxe5 Nf6 4. c4 O-O 5. Nf3 Nc6 6. Bb2 d5 7. cxd5 Nxd5 8.
e3 Re8 9. Be2 Rxe3 10. fxe3 Nxe3 11. Qc1 Qe7 12. Kf2 Ng4+ 13. Kf1 Bf5 14. Nc3
Re8 15. Qe1 Bc5 16. Qh4 Qd7 17. h3 Nf2 18. d4 Nxd4 19. Qxf2 Nb3 20. Rd1 1-0

[Event "Olimpiade 2014 - Open"]
[Site "Tromsø"]
[Date "10.08.2014"]
[Round "8.86"]
[Board "4"]
[White "Mueller, Oliver"]
[Black "Monroy G., Javier A."]
[Result "0-1"]
[WhiteTitle "FM"]
[WhiteElo "2312"]
[BlackElo "2150"]
[WhiteTeam "IBCA"]
[BlackTeam "Bolivia"]
[WhiteFideId "4633385"]
[BlackFideId "3302067"]
[EventDate "2014.08.02"]

1. d4 Nf6 2. c4 c5 3. d5 b5 4. cxb5 a6 5. bxa6 Bxa6 6. Nc3 d6 7. Nf3 g6 8. g3
Bg7 9. Bg2 Nbd7 10. Rb1 Qa5 11. O-O O-O 12. Bd2 Rfb8 13. b3 Ra7 14. Qc2 Qc7 15.
Rfd1 Ng4 16. h3 Nge5 17. Ne1 Nb6 18. f4 Ned7 19. e3 Qc8 20. Kh2 Rba8 21. a4 Rb8
22. e4 Na8 23. Nf3 Rab7 24. Na2 Nab6 25. Bf1 Bxf1 26. Rxf1 Nxa4 27. b4 cxb4 28.
Qxa4 Ra8 29. Rfc1 Nc5 30. Rxc5 dxc5 31. Qc2 Ra3 32. Nxb4 Rxf3 33. Kg2 Rc3 34.
Bxc3 cxb4 35. e5 bxc3 0-1

[Event "Olimpiade 2014 - Open"]
[Site "Tromsø"]
[Date "11.08.2014"]
[Round "9.1"]
[Board "3"]
[White "Yu, Yangyi"]
[Black "Eljanov, Pavel"]
[Result "1/2-1/2"]
[WhiteTitle "GM"]
[BlackTitle "GM"]
[WhiteElo "2668"]
[BlackElo "2723"]
[WhiteTeam "China"]
[BlackTeam "Ukraine"]
[WhiteFideId "8603820"]
[BlackFideId "14102951"]
[EventDate "2014.08.02"]

1. e4 e5 2. Nf3 Nc6 3. d4 exd4 4. Nxd4 Bc5 5. Be3 Qf6 6. c3 Nge7 7. Bc4 O-O 8.
O-O Bb6 9. Re1 d6 10. Na3 Nxd4 11. Bxd4 Bxd4 12. Qxd4 Qxd4 13. cxd4 c6 14. Rac1
Be6 15. Bxe6 fxe6 16. Nc4 Rad8 17. Na5 Rd7 18. b4 g5 19. Rc3 Ng6 20. h3 Kg7 21.
a4 h5 22. b5 c5 23. Rd1 Nf4 24. Kf1 cxd4 25. Rxd4 d5 26. exd5 exd5 27. Nb3 Ne6
28. Nc5 Nxc5 29. Rxc5 Rf5 30. Ke2 Kf6 31. f3 1/2-1/2

[Event "Olimpiade 2014 - Open"]
[Site "Tromsø"]
[Date "11.08.2014"]
[Round "9.2"]
[Board "2"]
[White "Bacrot, Etienne"]
[Black "Laznicka, Viktor"]
[Result "1-0"]
[WhiteTitle "GM"]
[BlackTitle "GM"]
[WhiteElo "2720"]
[BlackElo "2676"]
[WhiteTeam "France"]
[BlackTeam "Czech Republic"]
[WhiteFideId "605506"]
[BlackFideId "316385"]
[EventDate "2014.08.02"]

1. d4 d5 2. c4 c6 3. Nc3 Nf6 4. e3 a6 5. Nf3 b5 6. b3 Bg4 7. Qc2 e6 8. Ne5 Bf5
9. Bd3 Bxd3 10. Nxd3 bxc4 11. bxc4 dxc4 12. Ne5 Nbd7 13. O-O Qc7 14. Nxd7 Nxd7
15. Ne4 Nb6 16. Rb1 Be7 17. Nd2 O-O 18. Nxc4 Nxc4 19. Qxc4 Rfc8 20. e4 c5 21. d5
exd5 22. exd5 Bd6 23. g3 Qa5 24. Rd1 Rab8 25. Be3 h5 26. Kg2 Re8 27. Bd2 Qa3 28.
Rxb8 Rxb8 29. Bc3 Re8 30. Rb1 Rb8 31. Re1 Rd8 32. Re3 Qc1 33. Qh4 f6 34. Bxf6
Rf8 35. Bxg7 Kxg7 36. Qg5+ Kh7 37. Qxh5+ Kg7 38. Qg5+ Kh7 39. Re7+ 1-0

[Event "Olimpiade 2014 - Open"]
[Site "Tromsø"]
[Date "11.08.2014"]
[Round "9.2"]
[Board "3"]
[White "Hracek, Zbynek"]
[Black "Fressinet, Laurent"]
[Result "1/2-1/2"]
[WhiteTitle "GM"]
[BlackTitle "GM"]
[WhiteElo "2634"]
[BlackElo "2708"]
[WhiteTeam "Czech Republic"]
[BlackTeam "France"]
[WhiteFideId "300071"]
[BlackFideId "608742"]
[EventDate "2014.08.02"]

1. e4 e5 2. Nf3 Nc6 3. Bb5 Nf6 4. O-O Nxe4 5. Re1 Nd6 6. Nxe5 Be7 7. Bf1 Nf5 8.
c3 Nxe5 9. Rxe5 d6 10. Re1 O-O 11. d4 d5 12. Nd2 Bd6 13. Nf3 Re8 14. Rxe8+ Qxe8
15. Bd3 Ne7 16. Qc2 h6 17. h3 Bd7 18. Bd2 Bb5 19. Bxb5 Qxb5 20. Re1 Re8 21. a4
Qd7 22. b3 Ng6 23. Kf1 c6 24. Rxe8+ Qxe8 25. Qf5 Ne7 26. Qd3 Qd7 27. Ne1 b5 28.
a5 Bc7 29. b4 Nf5 30. Qe2 Nd6 1/2-1/2

[Event "Olimpiade 2014 - Open"]
[Site "Tromsø"]
[Date "11.08.2014"]
[Round "9.2"]
[Board "4"]
[White "Edouard, Romain"]
[Black "Petr, Martin"]
[Result "1/2-1/2"]
[WhiteTitle "GM"]
[BlackTitle "GM"]
[WhiteElo "2680"]
[BlackElo "2530"]
[WhiteTeam "France"]
[BlackTeam "Czech Republic"]
[WhiteFideId "633429"]
[BlackFideId "318299"]
[EventDate "2014.08.02"]

1. d4 Nf6 2. c4 g6 3. g3 c6 4. Bg2 d5 5. e3 dxc4 6. Nd2 Bg7 7. Nxc4 O-O 8. Ne2
Nbd7 9. O-O Nb6 10. Na5 Qc7 11. b4 e5 12. dxe5 Qxe5 13. Nd4 Ne4 14. Qc2 Re8 15.
Rb1 Nd5 16. a3 Qe7 17. Bb2 h5 18. Rbd1 Ndf6 19. f3 Ng5 20. e4 Bh3 21. Bxh3 Nxh3+
22. Kg2 Ng5 23. Bc1 Ngh7 24. h4 Rac8 25. Qc5 Bf8 26. Qxe7 Rxe7 27. Ndb3 b6 28.
Nc4 Rd7 29. Rxd7 Nxd7 30. Rd1 Ndf6 31. Bf4 Be7 32. Ne3 Nf8 33. e5 Ne8 34. Nd4
Ne6 35. Nxe6 fxe6 36. Bg5 Kf7 37. Nc4 Rc7 38. Bxe7 Kxe7 39. Kf2 b5 40. Ne3 c5
41. g4 c4 42. Ke2 Rc6 43. Rg1 Kf7 44. Rd1 Ke7 45. Rg1 Kf7 46. Rd1 Ke7 1/2-1/2

[Event "Olimpiade 2014 - Open"]
[Site "Tromsø"]
[Date "11.08.2014"]
[Round "9.3"]
[Board "1"]
[White "Carlsen, Magnus"]
[Black "Solak, Dragan"]
[Result "1-0"]
[WhiteTitle "GM"]
[BlackTitle "GM"]
[WhiteElo "2877"]
[BlackElo "2632"]
[WhiteTeam "Norway"]
[BlackTeam "Turkey"]
[WhiteFideId "1503014"]
[BlackFideId "916811"]
[EventDate "2014.08.02"]

1. c4 c6 2. Nf3 d5 3. e3 Nf6 4. Nc3 a6 5. h3 e6 6. b3 Bd6 7. d4 Nbd7 8. Bb2 O-O
9. Be2 Qe7 10. g4 b5 11. g5 Ne4 12. Nxe4 dxe4 13. Nd2 f5 14. h4 e5 15. c5 Bc7
16. a4 f4 17. Qc2 fxe3 18. fxe3 exd4 19. Bxd4 Ne5 20. axb5 Nd3+ 21. Bxd3 exd3
22. Qxd3 Bf5 23. Qe2 cxb5 24. O-O-O Qe6 25. Qg2 Rad8 26. Rhf1 Be5 27. Rde1 Bd3
28. Rxf8+ Rxf8 29. Rd1 a5 30. h5 a4 31. Kb2 Rd8 32. h6 a3+ 33. Ka2 Bxd4 34. exd4
Qe3 35. Qg1 Qe2 36. Qe1 Rxd4 37. c6 Rd6 38. c7 Rc6 39. Qxe2 Bxe2 40. Re1 Bg4 41.
Re7 gxh6 42. gxh6 Rxh6 43. Re4 Bf5 44. Nf3 Bh3 45. Ng5 Bf5 46. Re5 Bg4 47. Ne6
Rh2+ 48. Kxa3 Rc2 49. Rg5+ Kf7 50. Nd4 Rxc7 51. Rxg4 Rb7 52. Kb4 Kf6 53. Nf3 h5
54. Rf4+ Kg6 55. Kc5 b4 56. Rxb4 Rxb4 57. Kxb4 Kf5 58. Kc3 Kf4 59. Nh4 Kg4 60.
b4 1-0

[Event "Olimpiade 2014 - Open"]
[Site "Tromsø"]
[Date "11.08.2014"]
[Round "9.3"]
[Board "2"]
[White "Can, Emre"]
[Black "Agdestein, Simen"]
[Result "1-0"]
[WhiteTitle "GM"]
[BlackTitle "GM"]
[WhiteElo "2529"]
[BlackElo "2630"]
[WhiteTeam "Turkey"]
[BlackTeam "Norway"]
[WhiteFideId "6302181"]
[BlackFideId "1500015"]
[EventDate "2014.08.02"]

1. d4 Nf6 2. c4 e6 3. Nf3 b6 4. g3 Ba6 5. Qb3 d5 6. cxd5 Qxd5 7. Qd1 Nc6 8. Nc3
Qa5 9. a3 Be7 10. Bf4 Nd5 11. Bd2 Nxc3 12. Bxc3 Qh5 13. Bg2 O-O 14. Ne5 Nxe5 15.
Bxa8 Rd8 16. Be4 c5 17. e3 Qh3 18. Qa4 Nd3+ 19. Bxd3 Bxd3 20. O-O-O c4 21. Qxa7
Bf6 22. Rd2 Qg2 23. Re1 Qc6 24. Rxd3 Ra8 25. Qxa8+ Qxa8 26. Rd2 Qe4 27. Red1 Qd5
28. Re2 Qf3 29. Rc2 g5 30. Re1 Qe4 31. h3 h5 32. Rd1 Qg2 33. Rcd2 Qd5 34. Re1
Qf5 35. e4 Qxh3 36. d5 e5 37. d6 Qd7 38. f4 h4 39. Bxe5 Bxe5 40. fxe5 h3 41. g4
Kg7 42. Rh1 b5 43. Rxh3 Qxg4 44. d7 1-0

[Event "Olimpiade 2014 - Open"]
[Site "Tromsø"]
[Date "11.08.2014"]
[Round "9.3"]
[Board "3"]
[White "Hammer, Jon Ludvig"]
[Black "Yilmaz, Mustafa"]
[Result "1/2-1/2"]
[WhiteTitle "GM"]
[BlackTitle "GM"]
[WhiteElo "2628"]
[BlackElo "2569"]
[WhiteTeam "Norway"]
[BlackTeam "Turkey"]
[WhiteFideId "1503707"]
[BlackFideId "6302718"]
[EventDate "2014.08.02"]

1. Nf3 c5 2. c4 Nc6 3. Nc3 g6 4. e3 Nf6 5. d4 cxd4 6. exd4 d5 7. cxd5 Nxd5 8.
Qb3 e6 9. Bb5 Bg7 10. O-O O-O 11. Bxc6 bxc6 12. Na4 Ba6 13. Re1 Nb6 14. Nc5 Bc4
15. Qc3 Bd5 16. Ne5 Re8 17. f3 f6 18. Ned3 g5 19. b3 Nd7 20. Ba3 Nxc5 21. Bxc5
Qb8 22. Re2 a5 23. Rae1 a4 24. bxa4 Rxa4 25. Nb4 Qc8 26. Qc2 Ra8 27. a4 Qd7 28.
Ra1 Reb8 29. Rae1 Re8 30. h3 Qf7 31. Nxd5 cxd5 32. Qa2 Bf8 33. Bxf8 Kxf8 34. a5
Ra6 35. Rc1 e5 36. Rc5 exd4 37. Rxe8+ Qxe8 38. Qxd5 Rxa5 39. Qd6+ Kg8 40. Qd5+
Kf8 41. Rxa5 Qe3+ 42. Kh1 Qc1+ 43. Kh2 Qf4+ 44. Kh1 Qc1+ 45. Kh2 Qf4+ 46. g3
Qd2+ 47. Kg1 Qe1+ 48. Kg2 Qe2+ 49. Kg1 Qe1+ 50. Kg2 Qe2+ 51. Kg1 1/2-1/2

[Event "Olimpiade 2014 - Open"]
[Site "Tromsø"]
[Date "11.08.2014"]
[Round "9.3"]
[Board "4"]
[White "Ipatov, Alexander"]
[Black "Johannessen, Leif Erlend"]
[Result "1/2-1/2"]
[WhiteTitle "GM"]
[BlackTitle "GM"]
[WhiteElo "2614"]
[BlackElo "2528"]
[WhiteTeam "Turkey"]
[BlackTeam "Norway"]
[WhiteFideId "14116731"]
[BlackFideId "1501674"]
[EventDate "2014.08.02"]

1. d4 e6 2. c4 Nf6 3. Nf3 b6 4. Nc3 Bb4 5. e3 O-O 6. Bd3 d5 7. cxd5 exd5 8. O-O
Ba6 9. Bxa6 Nxa6 10. Qa4 Qc8 11. Bd2 Qb7 12. Rfc1 c5 13. Nb5 Bxd2 14. Nxd2 Rfd8
15. Rc3 Ne4 16. Nxe4 dxe4 17. a3 cxd4 18. exd4 Rd5 19. Rac1 Rad8 20. h3 R5d7 21.
Qb3 h6 22. a4 Re7 23. Rc4 Qd5 24. Qa3 Rdd7 25. Qg3 Re6 26. b3 Rg6 27. Qe3 f5 28.
Rc8+ Kh7 29. Re8 Rc6 30. Rxc6 Qxc6 31. Qf4 Rf7 32. Re5 Qd7 33. Qd2 Nc5 34. Nc3
Nxb3 35. Qa2 Na5 36. d5 Qc7 37. d6 Qxc3 38. Rxa5 Qe1+ 39. Kh2 Qxa5 40. Qxf7 Qe5+
41. Kh1 Qxd6 42. Qxf5+ Qg6 43. Qd5 Qe8 44. a5 bxa5 45. Qxa5 e3 46. fxe3 Qxe3 47.
Qf5+ Kg8 48. Qc8+ Kf7 49. Qb7+ Ke6 50. Qc8+ Kd5 51. Qd7+ Kc4 52. Qa4+ Kd3 53.
Qa6+ Kd2 54. Qa5+ Ke2 55. Qh5+ Ke1 56. Qa5+ Kf1 57. Qa1+ Kf2 58. Qb2+ Kf1 59.
Qa1+ Kf2 1/2-1/2

[Event "Olimpiade 2014 - Open"]
[Site "Tromsø"]
[Date "11.08.2014"]
[Round "9.4"]
[Board "3"]
[White "Mamedov, Rauf"]
[Black "Jianu, Vlad-Cristian"]
[Result "1/2-1/2"]
[WhiteTitle "GM"]
[BlackTitle "GM"]
[WhiteElo "2659"]
[BlackElo "2579"]
[WhiteTeam "Azerbaijan"]
[BlackTeam "Romania"]
[WhiteFideId "13401653"]
[BlackFideId "1208110"]
[EventDate "2014.08.02"]

1. e4 e6 2. d4 d5 3. Nd2 c5 4. Ngf3 cxd4 5. exd5 Qxd5 6. Bc4 Qd6 7. O-O Nf6 8.
Nb3 Nc6 9. Nbxd4 Nxd4 10. Nxd4 a6 11. Re1 Qc7 12. Qe2 h6 13. Bd3 Bd6 14. h3 Bh2+
15. Kh1 Bf4 16. c4 O-O 17. b4 Bxc1 18. Raxc1 Rd8 19. Nf3 Bd7 20. Ne5 Be8 21. Qe3
Nd7 22. Ng4 h5 23. Nh2 Qb6 24. Qd2 a5 25. a3 axb4 26. axb4 Nf6 27. Nf3 Bc6 28.
Ne5 Ne4 29. c5 Qc7 30. Qb2 Qxe5 31. Qxe5 Nxf2+ 32. Kg1 Nxd3 33. Qe2 Nxe1 34.
Rxe1 Rd4 35. Rb1 Bd5 36. b5 Ra2 37. Rb2 Rxb2 38. Qxb2 Rc4 39. c6 bxc6 40. b6 c5
41. b7 Bxb7 42. Qxb7 g6 43. Qb5 Rd4 44. Qxc5 Rd5 45. Qc8+ Kg7 46. Qc3+ Kg8 47.
Kf2 Rf5+ 48. Ke3 Rd5 49. Qb2 Rf5 50. Kd4 Rd5+ 51. Kc4 Rf5 52. Qa1 Rd5 53. Qf6
Rf5 54. Qb2 Rd5 55. g4 hxg4 56. hxg4 Kh7 57. Qf6 Kg8 58. Kb4 Rd1 59. Kc5 Rd5+
60. Kc6 Rd1 61. Qb2 Rd5 62. Qh2 Kg7 63. Kc7 Kg8 64. Qc2 Kg7 65. Qb2+ Kg8 66. Qa1
Kh7 67. Qf6 Kg8 68. Kc6 Rd1 69. Kc5 Rd5+ 70. Kc4 Rd1 71. Kc3 Rd5 72. Kc2 Rd7 73.
Qc3 Rd5 74. Qc8+ Kg7 75. Kb3 Rd3+ 76. Kc4 Rd5 77. Qb8 Rd1 78. Kc5 Rd5+ 79. Kc6
Rd1 80. Qb4 Rd5 81. Kc7 Kg8 82. Qc3 Rd1 83. Qb2 Rd5 84. Qb8+ Kg7 85. Qa8 Rd1 86.
Qa2 Rd5 87. Qb2+ Kg8 88. Qb3 Kg7 89. Kc6 Kg8 90. Qb2 Rd1 1/2-1/2

[Event "Olimpiade 2014 - Open"]
[Site "Tromsø"]
[Date "11.08.2014"]
[Round "9.4"]
[Board "4"]
[White "Nevednichy, Vladislav"]
[Black "Guseinov, Gadir"]
[Result "1/2-1/2"]
[WhiteTitle "GM"]
[BlackTitle "GM"]
[WhiteElo "2554"]
[BlackElo "2613"]
[WhiteTeam "Romania"]
[BlackTeam "Azerbaijan"]
[WhiteFideId "1205730"]
[BlackFideId "13401378"]
[EventDate "2014.08.02"]

1. c4 g6 2. Nc3 Bg7 3. g3 d6 4. Bg2 e5 5. e4 f5 6. d3 Nf6 7. Nge2 O-O 8. O-O c6
9. exf5 Bxf5 10. h3 Na6 11. Be3 Kh8 12. Qd2 Qd7 13. Kh2 d5 14. cxd5 cxd5 15. d4
e4 16. Rac1 Rac8 17. b3 Nc7 18. Na4 b6 19. Rc2 h5 20. Rfc1 Ne6 21. Rxc8 Rxc8 22.
Rxc8+ Qxc8 23. Nf4 Nc7 24. Nc3 Qd7 25. Qc1 Bf8 26. Nfe2 Ne6 27. Nf4 Nc7 28. Nfe2
Ne6 29. Nf4 1/2-1/2

[Event "Olimpiade 2014 - Open"]
[Site "Tromsø"]
[Date "11.08.2014"]
[Round "9.5"]
[Board "1"]
[White "Gelfand, Boris"]
[Black "Leko, Peter"]
[Result "1/2-1/2"]
[WhiteTitle "GM"]
[BlackTitle "GM"]
[WhiteElo "2753"]
[BlackElo "2740"]
[WhiteTeam "Israel"]
[BlackTeam "Hungary"]
[WhiteFideId "2805677"]
[BlackFideId "703303"]
[EventDate "2014.08.02"]

1. d4 Nf6 2. c4 e6 3. Nf3 b6 4. g3 Ba6 5. b3 Bb4+ 6. Bd2 Be7 7. Nc3 O-O 8. Rc1
d5 9. cxd5 exd5 10. Bg2 Re8 11. O-O Nbd7 12. Ne5 Bb7 13. Bf4 Nf8 14. Qd3 Ne6 15.
Rfd1 c6 16. Be3 Nd7 17. Nf3 Nf6 18. Bg5 Nxg5 19. Nxg5 h6 20. Nf3 Bd6 21. e3 Qe7
22. Ne2 Rac8 23. Nf4 Red8 24. Rc2 Rc7 25. Rdc1 Ba3 26. Rd1 Bd6 27. Rdc1 Ba3 28.
Rd1 Bd6 1/2-1/2

[Event "Olimpiade 2014 - Open"]
[Site "Tromsø"]
[Date "11.08.2014"]
[Round "9.5"]
[Board "3"]
[White "Smirin, Ilia"]
[Black "Almasi, Zoltan"]
[Result "1/2-1/2"]
[WhiteTitle "GM"]
[BlackTitle "GM"]
[WhiteElo "2656"]
[BlackElo "2690"]
[WhiteTeam "Israel"]
[BlackTeam "Hungary"]
[WhiteFideId "2801990"]
[BlackFideId "702293"]
[EventDate "2014.08.02"]

1. e4 e5 2. Nf3 Nc6 3. Bb5 Nf6 4. O-O Nxe4 5. Re1 Nd6 6. Nxe5 Be7 7. Bf1 Nf5 8.
Nf3 d5 9. d4 O-O 10. c3 Bd6 11. Bg5 f6 12. Bc1 Re8 13. Nbd2 Rxe1 14. Nxe1 Nce7
15. Ndf3 c6 16. Nd3 Ng6 17. Bd2 Qc7 18. g3 Nfe7 19. Qb3 Bg4 20. Bg2 Bf5 21. c4
dxc4 22. Qxc4+ Nd5 23. Re1 Rd8 24. Nc5 Qf7 25. Qb3 b6 26. Ne4 Bf8 27. Qa4 Qd7
28. h4 Nge7 29. Nc3 Be6 30. a3 Nf5 31. Qc2 Nd6 32. Nh2 Nxc3 33. Qxc3 Nc4 34. Nf1
Bf7 35. Be3 Bd5 36. Bxd5+ cxd5 37. Nd2 Rc8 38. Qb3 b5 39. Nf3 Re8 40. Bc1 Re4
41. Qd3 Qe6 42. Kf1 a6 43. b3 Nd6 44. Bd2 Rxe1+ 45. Nxe1 Ne4 46. Bb4 Bxb4 1/2-1/2

[Event "Olimpiade 2014 - Open"]
[Site "Tromsø"]
[Date "11.08.2014"]
[Round "9.5"]
[Board "4"]
[White "Rapport, Richard"]
[Black "Sutovsky, Emil"]
[Result "1-0"]
[WhiteTitle "GM"]
[BlackTitle "GM"]
[WhiteElo "2704"]
[BlackElo "2624"]
[WhiteTeam "Hungary"]
[BlackTeam "Israel"]
[WhiteFideId "738590"]
[BlackFideId "2802007"]
[EventDate "2014.08.02"]

1. d4 Nf6 2. Nc3 d5 3. Bf4 c5 4. e3 cxd4 5. exd4 a6 6. Nf3 Bg4 7. h3 Bxf3 8.
Qxf3 Nc6 9. O-O-O e6 10. g4 Bb4 11. Ne2 Qa5 12. Kb1 Ne4 13. Nc1 Bd6 14. Nb3 Qc7
15. Be3 O-O 16. Rg1 b5 17. Bd3 f5 18. gxf5 exf5 19. Bh6 Rf7 20. Bxg7 Rxg7 21.
Qxf5 Kh8 22. Rxg7 Qxg7 23. Qxd5 Nxf2 24. Qxc6 Rf8 25. Rc1 Nxd3 26. cxd3 Qg3 27.
a3 Bf4 28. Rd1 Qxh3 29. Nc5 Be3 30. Qe4 Qf3 31. Qe5+ Kg8 32. Re1 Bf2 33. Re4 Qf5
34. Qc7 Kh8 35. Ne6 Rg8 36. d5 Bh4 37. Qc5 Bf6 38. Ka2 h5 39. Rf4 Qg6 40. d6 Bg7
41. Qf5 Kh7 42. d7 Qxf5 43. Rxf5 Kg6 44. Rf8 1-0

[Event "Olimpiade 2014 - Open"]
[Site "Tromsø"]
[Date "11.08.2014"]
[Round "9.6"]
[Board "2"]
[White "Bruzon Batista, Lazaro"]
[Black "Cheparinov, Ivan"]
[Result "1/2-1/2"]
[WhiteTitle "GM"]
[BlackTitle "GM"]
[WhiteElo "2664"]
[BlackElo "2681"]
[WhiteTeam "Cuba"]
[BlackTeam "Bulgaria"]
[WhiteFideId "3503739"]
[BlackFideId "2905540"]
[EventDate "2014.08.02"]

1. e4 c5 2. Nf3 d6 3. d4 cxd4 4. Nxd4 Nf6 5. f3 e5 6. Nb3 d5 7. Bg5 d4 8. c3 Nc6
9. Bb5 h6 10. Bxf6 Qxf6 11. cxd4 Bb4+ 12. Nc3 O-O 13. O-O Nxd4 14. Nd5 Qd6 15.
Nxd4 Bc5 16. Kh1 Bxd4 17. Qe2 Be6 18. Bc4 Rac8 19. Bb3 Qc5 20. Qd2 Kh8 21. Rad1
a5 22. a4 Qa7 23. Qd3 Qa6 24. Ne7 Bxb3 25. Qxb3 Rc4 26. Nd5 Rfc8 27. Ne7 R8c7
28. Nd5 Rc8 29. Ne7 R8c5 30. Nf5 Qc6 31. h3 Kh7 32. Nxd4 exd4 33. Rd2 Kg8 34.
Kh2 Rb4 35. Qd1 Qxa4 36. Qe2 Qb3 37. Rfd1 Qe3 38. Re1 Rcb5 39. Qxe3 dxe3 40.
Rxe3 Rxb2 41. Rd8+ Kh7 42. Rd7 Rg5 43. h4 Rgxg2+ 44. Kh3 Kg6 45. Ra3 b6 46. Rd6+
Kh5 47. Rxb6 Rh2+ 48. Kg3 Rbg2+ 49. Kf4 Rxh4+ 50. Ke3 Rg5 51. Ra6 Rb5 52. R3xa5
Rxa5 53. Rxa5+ g5 54. Ra6 Rf4 55. e5 Rf5 56. Ke4 Rf4+ 57. Ke3 Rf5 1/2-1/2

[Event "Olimpiade 2014 - Open"]
[Site "Tromsø"]
[Date "11.08.2014"]
[Round "9.6"]
[Board "3"]
[White "Iotov, Valentin"]
[Black "Quesada Perez, Yuniesky"]
[Result "1-0"]
[WhiteTitle "GM"]
[BlackTitle "GM"]
[WhiteElo "2553"]
[BlackElo "2649"]
[WhiteTeam "Bulgaria"]
[BlackTeam "Cuba"]
[WhiteFideId "2906074"]
[BlackFideId "3504409"]
[EventDate "2014.08.02"]

1. d4 Nf6 2. c4 e6 3. Nf3 b6 4. g3 Bb7 5. Bg2 Be7 6. O-O O-O 7. Re1 Na6 8. Nc3
Ne4 9. Nxe4 Bxe4 10. Qa4 Qc8 11. Ne5 Bxg2 12. Kxg2 c6 13. e4 Qb7 14. Bf4 Rac8
15. Rad1 d5 16. Qb3 dxc4 17. Qxc4 Rfd8 18. a3 b5 19. Qb3 Bf6 20. Qf3 c5 21. d5
Bxe5 22. Bxe5 f6 23. Bf4 exd5 24. Rxd5 c4 25. Red1 Rxd5 26. Rxd5 Nc7 27. Bxc7
Qxc7 28. Rxb5 Rb8 29. Rxb8+ Qxb8 30. Qc3 Qb5 31. Qd4 Qa4 32. h4 h6 33. h5 Qc2
34. e5 fxe5 35. Qxe5 Kh7 36. g4 Qc1 37. Qe4+ Kh8 38. Qa8+ Kh7 39. Qe4+ Kh8 40.
Qd4 Kh7 41. Kf3 a5 42. Ke4 a4 43. f3 Qc2+ 44. Kd5 Qd3 45. f4 Kh8 46. f5 Kh7 47.
Kc5 Qe2 48. Kb4 Qc2 49. f6 Qb3+ 50. Kc5 gxf6 51. Qd7+ Kg8 52. Qe8+ Kg7 53. Qg6+
Kf8 54. Qxf6+ Ke8 55. Qe6+ Kd8 56. Qb6+ 1-0

[Event "Olimpiade 2014 - Open"]
[Site "Tromsø"]
[Date "11.08.2014"]
[Round "9.6"]
[Board "4"]
[White "Ortiz Suarez, Isan Reynaldo"]
[Black "Rusev, Krasimir"]
[Result "1-0"]
[WhiteTitle "GM"]
[BlackTitle "GM"]
[WhiteElo "2603"]
[BlackElo "2548"]
[WhiteTeam "Cuba"]
[BlackTeam "Bulgaria"]
[WhiteFideId "3507165"]
[BlackFideId "2905434"]
[EventDate "2014.08.02"]

1. e4 d6 2. d4 Nf6 3. Nc3 e5 4. Nf3 Nbd7 5. Bc4 Be7 6. O-O Nb6 7. Be2 exd4 8.
Nxd4 O-O 9. Re1 Re8 10. Bf1 c6 11. h3 Bf8 12. Bg5 Nbd7 13. Bh4 Ne5 14. Qd2 Ng6
15. Bg3 Qb6 16. Rab1 Bd7 17. b4 a6 18. Kh1 Rad8 19. f3 Bc8 20. Bh2 h5 21. Na4
Qa7 22. c4 h4 23. Nc3 Nh5 24. Nce2 Be7 25. b5 Qc5 26. Nb3 Qa7 27. bxc6 bxc6 28.
Ned4 Bd7 29. Na5 Qa8 30. Rb6 Bf6 31. Ndxc6 Bxc6 32. Nxc6 Rc8 33. Nd4 Be5 34. Nf5
Ng3+ 35. Nxg3 hxg3 36. Bg1 Nf4 37. Reb1 Ne6 38. Qd5 Nc5 39. Be3 a5 40. Be2 Qxd5
41. cxd5 Na4 42. Rc6 Nc3 43. Re1 Nxa2 44. f4 Bc3 45. Rd1 Bb4 46. Bd4 Bc3 47. Bg4
Bxd4 48. Rxc8 Rxc8 49. Bxc8 Bc5 50. Rd3 a4 51. Rxg3 a3 52. Ba6 Nc1 53. Rc3 a2
54. Rxc1 Bd4 55. e5 Kf8 56. exd6 Ke8 57. Bb5+ Kd8 58. g4 a1=Q 59. Rxa1 Bxa1 60.
Kg2 Bc3 61. h4 Bb4 62. d7 Ke7 63. h5 Bd2 64. Kf3 Bc1 65. g5 Bd2 66. d6+ Kd8 67.
Ke4 Bc1 68. h6 gxh6 69. gxh6 Bb2 70. h7 Bc3 71. Kd5 Bb2 72. Kc6 Bc3 73. Bc4 Bb2
74. Bxf7 Bc3 75. Bc4 Bb2 76. Bb5 Bc3 77. Kd5 Bb2 78. Ke6 Bc3 79. Kf7 Bd4 80. f5
Be5 81. Bc4 1-0